Additives and peptisers their use in NR (Record no. 53798)

MARC details
000 -LEADER
fixed length control field 00394nam a2200157Ia 4500
100 ## - MAIN ENTRY--AUTHOR NAME
Personal name Stone C R
245 #0 - TITLE STATEMENT
Title Additives and peptisers their use in NR
260 ## - PUBLICATION, DISTRIBUTION, ETC. (IMPRINT)
Name of publisher Rubber Technology International
Year of publication 1998
300 ## - PHYSICAL DESCRIPTION
Number of Pages 59-63
500 ## - GENERAL NOTE
General note Source Year: 1999
700 ## - ADDED ENTRY--PERSONAL NAME
Personal name Hensel M
700 ## - ADDED ENTRY--PERSONAL NAME
Personal name Menting K H
856 ## - ELECTRONIC LOCATION AND ACCESS
Uniform Resource Identifier IRRDB
942 ## - ADDED ENTRY ELEMENTS (KOHA)
Koha item type Journals
Holdings
Withdrawn status Lost status Damaged status Not for loan Home library Current library Shelving location Date acquired Koha item type
      Journals RRII Library RRII Library Rubber chemistry 17/12/2021 Journals